| 000 | 00971nam a22001937a 4500 | ||
|---|---|---|---|
| 003 | BR-ViAPE | ||
| 005 | 20260409153858.0 | ||
| 008 | 260409s1914 por gs||||s000 0 por d | ||
| 040 | _cBR-ViAPE | ||
| 110 |
_aEspírito Santo _bEstado |
||
| 245 | _aRelatório (parte expositiva) apresentado em 29 de agosto de 1914 ao Exmo. Snr. Coronel Marcondes Alves de Souza Presidente do Estado do Espírito Santo pelo Dr. José Bernardino Alves Junior Secretario Geral | ||
| 260 |
_aVitória _bTypographia do Diario da Manhã _c1915 |
||
| 300 |
_a51 p. _bDocumento digitalizado (PDF) |
||
| 500 | _aDocumento digitalizado do acervo institucional do Arquivo Público do Estado do Espírito Santo - APEES. | ||
| 650 |
_xAdministração pública _zEspírito Santo |
||
| 651 |
_aEspírito Santo _xRelatórios governamentais |
||
| 856 |
_uhttps://ape.es.gov.br/Media/ape/PDF/Relatorios/1908/relatorio%204%20-%20ano%201915.pdf _yCLIQUE AQUI PARA ACESSAR O DOCUMENTO |
||
| 942 |
_2ddc _cMSGREL _n1 |
||
| 999 |
_c485 _d485 |
||